00386nam a2200121 450000500170000000800410001702000150005808200150007310000180008824501010010626000470020730000100025420240611100517.0240123b2005 |||||||| |||| 00| 0 eng d a9551256034 a303.6bPEI aPeiris, Harim aThe politics of reconstruction in the north and east:ba review and analysis of policy 2004-2005 aColombo:bCouncil for public policy,c2006 a22 p.